Curso de higiene para manipuladores de alimentos /

Contenido: 1) Terminología; 2) ¿Qué es la higiene alimentaria?; 3) Higiene personal; 4) Las bacterias ¿qué son?; 5) ¿Qué es una intoxicación alimentaria?; 6) Prevención de las intoxicaciones alimentarias; 7) La contaminación de los alimentos; 8) El almacenamiento de los alimentos; 9) La descongelaci...

Повний опис

Збережено в:
Бібліографічні деталі
Автор: Hazelwood, David (autor)
Інші автори: McLean, Anna D. (autor) (autor)
Формат: Книга
Мова:Іспанська
Опубліковано: Zaragoza, España : Acribia, 2008, c2008
Предмети:
Теги: Додати тег
Немає тегів, Будьте першим, хто поставить тег для цього запису!

MARC

LEADER 00000nam^a2200000^a^4500
001 000303747
005 20250521000000.0
009 20260310112658.303
020 |a 978-84-200-0753-3 
037 |a Acervo ITESO - Biblioteca 
041 |a ESP 
082 |a 664.  |b HAZ 
100 |a Hazelwood, David  |e (autor) 
245 1 0 |a Curso de higiene para manipuladores de alimentos /  |c D. Hazelwood, A.D. McLean ; tr. por Juan Luis de la Fuente. 
264 4 |a Zaragoza, España :  |b Acribia,  |c 2008, c2008 
300 |a XI, 129 p. 
336 |a texto  |b txt  |2 rdacontenido 
337 |a sin mediación  |b n  |2 rdamedio 
338 |a volumen  |b nc  |2 rdasoporte 
500 |a Traducción de: Hygiene. A Complete Course for Food Handlers 
520 |a Contenido: 1) Terminología; 2) ¿Qué es la higiene alimentaria?; 3) Higiene personal; 4) Las bacterias ¿qué son?; 5) ¿Qué es una intoxicación alimentaria?; 6) Prevención de las intoxicaciones alimentarias; 7) La contaminación de los alimentos; 8) El almacenamiento de los alimentos; 9) La descongelación de los alimentos; 10) Diseño del local de manipulación de los alimentos; 11) El equipo; 12) Disposición y almacenamiento de desperdicios y basuras; 13) La limpieza y la desinfección de los locales; 14) El control de las plagas; 15) Las leyes relacionadas con los alimentos y la higiene alimentaria. 
649 |a XX 
650 |a Alimentos y Bebidas -  |x Higiene e Inspección Sanitaria -  |x Tema Principal 
650 |a Alimentos Contaminados 
650 |a Alimentos y Bebidas -  |x Toxicología 
650 |a Química Sanitaria 
650 |a Salud Pública 
700 |a McLean, Anna D.  |e (autor) 
910 |a Fondo General 
920 |a Impresos - Libros 
930 |a Colección General 
905 |a 101 
901 |a 0500190297  |b IT1  |c ACC  |i C124748  |u 20250521 
902 |a https://opac.biblio.iteso.mx/vufind/Record/000303747